000 00993nam a2200265Ia 4500
003 OSt
005 20221005110454.0
006 a|||||r|||| 00| 0
007 ta
008 221004b |||||||| |||| 00| 0 hin d
020 _a8121402336 (hbk)
_cINR 350.00
024 _a41505
037 _b301, 25/02/2019, Eastern Book Linkers
_cTextual
040 _aCRL
_cCRL
_bhin
041 _2hin
_ahin
082 _aB978, 152P4
100 _aकाली शंकर, ले.
245 0 _aअंतरिक्ष अन्वेषण का स्वर्ण युग
246 _aAantarikṣha anveṣhaṇ kā svarṇa yuga
260 _aनई दिल्ली
_bनेशनल पब्लिशिंग हाउस भारत
_c2004
300 _a189पृ0
_ccm.
650 _aखगोल शास्त्र
942 _hB978, 152P4
_cTEXL
_2cc
999 _c1018929
_d1018929